| 000 | 00900cam a22002774a 4500 | ||
|---|---|---|---|
| 003 | EG-ScBUE | ||
| 005 | 20220202111408.0 | ||
| 008 | 030224s2012 ua f 000 f ara d | ||
| 017 | _a2001/11674 | ||
| 020 | _a9789770907375 | ||
| 040 |
_aEG-ScBUE _bara _erda _cEG-ScBUE _dEG-ScBUE |
||
| 082 | 0 | 4 |
_a892.736 _bع ا ش _222 |
| 100 | 1 |
_aعاشور، رضوى، _eمؤلف. _933060 |
|
| 245 | 1 | 0 |
_aثلاثية غرناطة / _cرضوى عاشور. |
| 250 | _aالطبعة التاسعة. | ||
| 264 | 1 |
_aالقاهرة : _bدار الشروق، _c2012. |
|
| 300 |
_a502 صفحة ؛ _c21 سم |
||
| 336 |
_2rdacontent _aنص _btxt |
||
| 337 |
_2rdamedia _aبدون وسيط _bn |
||
| 338 |
_2rdacarrier _aمجلد _bnc |
||
| 650 | 1 | 4 |
_aالقصص العربية _zمصر _yقرن 20. _933061 _2BUEsh |
| 651 | _2BUEsh | ||
| 653 |
_cApril2013 _bARALIT |
||
| 655 |
_vReading book _934232 |
||
| 942 |
_2ddc _cBB |
||
| 999 |
_c17426 _d17398 |
||